Statistics for British Overseas territories

Click here to take the quiz!

General Stats

  • This quiz has been taken 18 times
  • The average score is 8 of 17

Answer Stats

Answer% Correct
Gibraltar
88%
Bermuda
71%
British Virgin Islands
65%
Cayman Islands
65%
Falkland Islands
65%
Anguilla
59%
British Indian Ocean Territory
53%
Saint Helena
53%
Akrotiri
47%
British Antarctic Territory
47%
Montserrat
47%
Tristan da Cunha
41%
Turks and Caicos Islands
41%
Pitcairn Islands
35%
Dhekelia
24%
South Georgia and the South Sandwich Islands
24%
Asencion Islands
0%

Score Distribution

Percentile by Number Answered

Percent of People with Each Score

Your Score History

You have not taken this quiz